Contribución al estudio del lenguaje poétivo de Leopoldo Panero

Enregistré dans:
Détails bibliographiques
Auteur principal: Marcos Sánchez, María de las Mercedes
Format: Livre
Langue:Undetermined
Publié: Salamanca, España Universidad de Salamanca 1985
Sujets:
Tags: Ajouter un tag
Pas de tags, Soyez le premier à ajouter un tag!

MARC

LEADER 00000nam a2200000Ia 4500
008 170316s9999 xx 000 0 und d
090 |a 410 M-6c 
100 |a Marcos Sánchez, María de las Mercedes 
245 |a Contribución al estudio del lenguaje poétivo de Leopoldo Panero 
260 |a Salamanca, España 
260 |b Universidad de Salamanca 
260 |c 1985 
300 |a 29 páginas 
650 |a LINGÜÍSTICA 
999 |c 18629  |d 18629 
040 |a cru BVZT 
942 |c 15 D  |h 410 M-6c  |2 z